000 01110nam a2200361Ia 4500
001 dia_3363
003 CHAP
005 20230331094057.0
008 220117s1989 xx 000 0 und d
010 _a173832
020 _a84-7114-247-3
040 _cCHAP
082 _a633.18 T56 1989
100 _aTinarelli, Antonio
_9113355
245 _aEl arroz /
_c Antonio Tinarelli ; traducción Ramón Miguel Carreres Ortells
260 _aEspaña :
_b Mundi Prensa,
_c1989
300 _a575 p.
500 _aTítulo original: Il riso
503 _aI.151136
504 _aBibliografía: p. 569-575
590 _aSB191.R5 T56 1989
650 _aArroz
_97554
650 _aArroz
_xCultivo
_9128974
650 _aArroz
_xManejo de enfermedades y plagas
_9154567
650 _aRice
_9151257
650 _aRice
_xCrops
_9154568
650 _aRice
_xDisease and pest management
_9154569
700 _aCarreres Ortells, Ramón Miguel, tr.
_9154570
901 _a633.18 T56 1989
902 _aM
905 _a5232271989 SP admn8222223322SPA16
942 _cLIBRO
_2ddc
999 _c173832
_d173832